000 01912nam a22003377a 4500
999 _c22090
_d22090
003 AR-CdUCM
008 190425b ||||| |||| 00| 0 spa d
040 _aMUNICIPALIDAD PROVINCIAL DEL CUSCO
_cBIBLIOTECA MUNICIPAL DEL CUSCO
082 _aParlante/N°92/2007
110 _aCentro Guamán Poma de Ayala
_920511
245 _aParlante :
_bRevista del Cusco /
260 _aCusco :
_bCentro de Educación y Comunicación Guamán Poma de Ayala,
_c2007.
300 _a36 páginas. :
_bilustraciones ;
_c30 cm.
440 _aParlante revista del Cusco.
_nAño 22, N°92,agosto 2007.
_947420
505 _aContenido: Medios sin remedio. Juan Galiano Román. -- El primer año de Alan García mucho ruido y pocas nueces. Luis Nieto Degregori. -- La labor parlamentaria de Víctor Mayorga el intenso trabajo de comisiones. Luis Nieto Degregori. -- Asociatividad y mancomunidad municipal. Rene Huayta Diaz. -- Una nueva bacteria cusqueña de la enfermedad de Carrión. -- Humedal de Huacarpay el ultimo refugio. Adriana Peralta. -- Invalidad en el Centro Histórico. Omar Paredes Medina. -- Accesibilidad y movilidad en el Centro Histórico su majestad el automóvil. Enrique Estrada. -- Educación, cultura y deportes. -- Cusqueño destaco en concurso andino de estadística.
650 _aActualidad y política
_947410
650 _aGobiernos locales
_98462
650 _aCentro Histórico Cusco
_946767
650 _aContaminación de la subcuenca Huatanay
_947421
650 _aEducación, cultura y deportes
_947422
650 _aMedio ambiente
_947423
700 _aCentro Guamán Poma de Ayala
_947408
700 _aParedes Medina, Omar
_947424
700 _aSerna, Marco
_947419
700 _aNieto Degregori, Luis
_96534
700 _aPeralta, Adriana
_947414
700 _aGaliano, Juan
_947407
700 _aGonzales García de Castro, Juan Carlos
_947425
942 _2ddc
_cPP
945 _avhl